[Event "Warsaw Najdorf Memorial op-A 22nd"]
[Site "Warsaw"]
[Date "2025.07.16"]
[Round "9"]
[White "Fernandez, Daniel Howard"]
[Black "Sengupta, Deep"]
[Result "1/2-1/2"]
[WhiteElo "2481"]
[BlackElo "2497"]
[PlyCount "104"]
[EventDate "2025.07.08"]
[EventType "swiss"]
[EventRounds "9"]
[EventCountry "POL"]
[SourceTitle "CB29_2025"]
[SourceDate "2025.07.16"]
[SourceVersion "1"]
[SourceVersionDate "2025.07.16"]
[SourceQuality "1"]

1. e4 e6 2. d4 d5 3. Nd2 c5 4. exd5 Qxd5 5. Ngf3 cxd4 6. Bc4 Qd8 7. 0-0 Nc6 8. Qe2 Qc7 9. Rd1 Nf6 10. Nb3 a6 11. a4 Bd7 12. Nbxd4 Be7 13. Nxc6 Bxc6 14. Ne5 0-0 15. Nxc6 Qxc6 16. Bd3 Rad8 17. c3 Rd5 18. Bc2 Rfd8 19. Bf4 Bd6 20. Rxd5 Nxd5 21. Bd2 Qb6 22. Rb1 g6 23. g3 Bc5 24. Be1 h5 25. a5 Qc7 26. Rd1 Nf6 27. Rxd8+ Qxd8 28. Qf3 Qe7 29. b4 Ba7 30. Kg2 e5 31. Be4 Nxe4 32. Qxe4 Bb8 33. Qd5 Bd6 34. Bd2 Kg7 35. Kf1 Bb8 36. Be3 Bd6 37. h3 Qc7 38. Ke2 Kf8 39. g4 hxg4 40. hxg4 Qc6 41. Qxc6 bxc6 42. Bd2 f5 43. c4 Ke8 44. b5 Kd7 45. bxa6 Kc8 46. gxf5 gxf5 47. Be3 c5 48. f3 Kb8 49. Kd3 Ka7 50. Bd2 Kxa6 51. Bc3 Bc7 52. Ke3 Bb8 1/2-1/2

[Event "Warsaw Najdorf Memorial op-A 22nd"]
[Site "Warsaw"]
[Date "2025.07.11"]
[Round "4"]
[White "Sengupta, Deep"]
[Black "Lisowski, Krzysztof"]
[Result "1-0"]
[WhiteElo "2497"]
[BlackElo "2025"]
[PlyCount "41"]
[EventDate "2025.07.08"]
[EventType "swiss"]
[EventRounds "9"]
[EventCountry "POL"]
[SourceTitle "CB29_2025"]
[SourceDate "2025.07.16"]
[SourceVersion "1"]
[SourceVersionDate "2025.07.16"]
[SourceQuality "1"]

1. e4 c5 2. Nf3 Nc6 3. c3 d5 4. exd5 Qxd5 5. d4 Bg4 6. dxc5 Qxd1+ 7. Kxd1 0-0-0+ 8. Bd2 Ne5 9. Be2 Nd3 10. Bxd3 Rxd3 11. Ke2 Rd8 12. Be3 Nf6 13. h3 Bxf3+ 14. gxf3 Nd5 15. Nd2 e6 16. Rhg1 g6 17. Rg4 Nxe3 18. fxe3 Kc7 19. Nb3 Be7 20. Rd4 Bf6 21. Rf4 1-0

[Event "Warsaw Najdorf Memorial op-A 22nd"]
[Site "Warsaw"]
[Date "2025.07.10"]
[Round "3"]
[White "O'Cuilleanain, Oisin"]
[Black "Sengupta, Deep"]
[Result "0-1"]
[WhiteElo "2086"]
[BlackElo "2497"]
[PlyCount "108"]
[EventDate "2025.07.08"]
[EventType "swiss"]
[EventRounds "9"]
[EventCountry "POL"]
[SourceTitle "CB29_2025"]
[SourceDate "2025.07.16"]
[SourceVersion "1"]
[SourceVersionDate "2025.07.16"]
[SourceQuality "1"]

1. e4 e6 2. d4 d5 3. Nd2 Nf6 4. e5 Nfd7 5. Bd3 c5 6. c3 Nc6 7. Ne2 a5 8. 0-0 a4 9. a3 cxd4 10. cxd4 Nb6 11. Nf3 Bd7 12. Bg5 Qb8 13. Rc1 Na5 14. Nd2 h6 15. Bh4 Nc8 16. Nc3 Nc6 17. Nxa4 Nxe5 18. dxe5 Rxa4 19. Qh5 Be7 20. Bg3 g6 21. Qe2 Na7 22. f4 h5 23. h3 Qd8 24. Bf2 Nc6 25. Be3 Nd4 26. Qf2 Nf5 27. Bb6 Rxf4 28. Bxd8 Rxf2 29. Rxf2 Bxd8 30. Bxf5 gxf5 31. Kh2 Bb6 32. Re2 Ke7 33. Nf3 Ra8 34. Rec2 Ra4 35. Kg3 f6 36. Re1 Re4 37. exf6+ Kxf6 38. Rd2 Bc7+ 39. Kf2 Bb6+ 40. Kg3 h4+ 41. Kh2 Bc7+ 42. Kg1 Bg3 43. Red1 Ba4 44. Rf1 Bf4 45. Rd3 Bb5 46. Rb3 Be3+ 47. Rf2 Bxf2+ 48. Kxf2 Bc6 49. Re3 e5 50. Rxe4 dxe4 51. Nxh4 f4 52. g3 e3+ 53. Ke2 fxg3 54. Kxe3 Kg5 0-1

[Event "Teplice op 18th"]
[Site "Teplice"]
[Date "2025.06.17"]
[Round "4"]
[White "Sengupta, Deep"]
[Black "Piddubna, Bozhena"]
[Result "1-0"]
[WhiteElo "2502"]
[BlackElo "2173"]
[PlyCount "61"]
[EventDate "2025.06.14"]
[EventType "swiss"]
[EventRounds "9"]
[EventCountry "CZE"]
[SourceTitle "CB26_2025"]
[SourceDate "2025.06.25"]
[SourceVersion "1"]
[SourceVersionDate "2025.06.25"]
[SourceQuality "1"]

1. d4 Nf6 2. Bf4 d5 3. e3 e6 4. Nf3 c5 5. Nbd2 Nc6 6. c3 Nh5 7. Bg5 f6 8. Bh4 g6 9. Be2 cxd4 10. cxd4 Be7 11. a3 a5 12. 0-0 0-0 13. Nb3 Ng7 14. Bg3 Qb6 15. Qc2 Nh5 16. Rac1 Nxg3 17. hxg3 e5 18. Nc5 Bf5 19. Na4 Qa7 20. Qb3 exd4 21. Nxd4 Nxd4 22. exd4 Be6 23. Bf3 Bf7 24. Rc7 Rfe8 25. Bxd5 Bxd5 26. Qxd5+ Kf8 27. Nc5 a4 28. Re1 Qa5 29. Rexe7 Rxe7 30. Rxe7 Kxe7 31. Qd7+ 1-0

[Event "IND-ch 61st"]
[Site "Gurugram"]
[Date "2024.08.27"]
[Round "11"]
[White "Sengupta, Deep"]
[Black "Shyam, Nikil P"]
[Result "0-1"]
[WhiteElo "2516"]
[BlackElo "2442"]
[PlyCount "84"]
[EventDate "2024.08.17"]
[EventType "swiss"]
[EventRounds "11"]
[EventCountry "IND"]
[SourceTitle "EXT 2025"]
[Source "ChessBase"]
[SourceDate "2024.10.14"]
[SourceVersion "1"]
[SourceVersionDate "2024.10.14"]
[SourceQuality "1"]

1. d4 Nf6 2. Nc3 d5 3. Bf4 e6 4. Nb5 Na6 5. e3 Ne4 6. Bd3 Bd7 7. a4 c6 8. Bxe4 cxb5 9. axb5 Bxb5 10. Bd3 Bxd3 11. Qxd3 Nb4 12. Qe2 Bd6 13. Nf3 0-0 14. 0-0 a6 15. Rfe1 Rc8 16. c3 Nc6 17. Bxd6 Qxd6 18. e4 dxe4 19. Qxe4 h6 20. Re3 Rfd8 21. Rae1 b5 22. Qg4 Qf8 23. Nh4 b4 24. Rf3 bxc3 25. bxc3 Rd5 26. Qe4 Ne7 27. g4 Ra5 28. Rc1 Rc4 29. Rb1 Ra3 30. Qe5 Raxc3 31. Rb7 Rxf3 32. Nxf3 Ng6 33. Qe3 Qc8 34. Qb3 Qc6 35. Rb8+ Kh7 36. Qb7 Rc1+ 37. Kg2 Nf4+ 38. Kg3 Ne2+ 39. Kh3 Nf4+ 40. Kg3 Qd6 41. Qb4 Ne2+ 42. Kg2 Qd5 0-1

[Event "IND-ch 61st"]
[Site "Gurugram"]
[Date "2024.08.24"]
[Round "8"]
[White "Viani, Antonio Dcunha"]
[Black "Sengupta, Deep"]
[Result "1/2-1/2"]
[WhiteElo "2378"]
[BlackElo "2516"]
[PlyCount "60"]
[EventDate "2024.08.17"]
[EventType "swiss"]
[EventRounds "11"]
[EventCountry "IND"]
[SourceTitle "EXT 2025"]
[Source "ChessBase"]
[SourceDate "2024.10.14"]
[SourceVersion "1"]
[SourceVersionDate "2024.10.14"]
[SourceQuality "1"]

1. e4 e6 2. d4 d5 3. e5 c5 4. c3 Nc6 5. Nf3 Bd7 6. Be2 f6 7. 0-0 fxe5 8. Nxe5 Nxe5 9. dxe5 Qc7 10. Re1 0-0-0 11. Bf1 Ne7 12. a4 Nf5 13. Na3 c4 14. b3 cxb3 15. Qxb3 Bc5 16. Nb5 Bxb5 17. axb5 Rhf8 18. Ra2 Rf7 19. Ba3 Rdf8 20. Bxc5 Qxc5 21. b6 axb6 22. Rb1 Kc7 23. Rab2 Ne3 24. Qxb6+ Qxb6 25. Rxb6 Rxf2 26. Rxb7+ Kc6 27. R1b6+ Kc5 28. Rb5+ Kc6 29. R5b6+ Kc5 30. Rb5+ Kc6 1/2-1/2

[Event "IND-ch 61st"]
[Site "Gurugram"]
[Date "2024.08.21"]
[Round "5"]
[White "Sengupta, Deep"]
[Black "Ganguly, Surya Shekhar"]
[Result "0-1"]
[WhiteElo "2516"]
[BlackElo "2583"]
[PlyCount "88"]
[EventDate "2024.08.17"]
[EventType "swiss"]
[EventRounds "11"]
[EventCountry "IND"]
[SourceTitle "EXT 2025"]
[Source "ChessBase"]
[SourceDate "2024.10.14"]
[SourceVersion "1"]
[SourceVersionDate "2024.10.14"]
[SourceQuality "1"]

1. e4 e5 2. Nf3 Nc6 3. Bc4 Nf6 4. d3 d5 5. exd5 Nxd5 6. 0-0 Nb6 7. Bb3 Bg4 8. Nbd2 Qe7 9. a4 a5 10. c3 0-0-0 11. Qe2 Qd7 12. Bc2 f6 13. Ne4 Nd5 14. h3 Bh5 15. Ng3 Bg6 16. Nh4 Kb8 17. Rd1 Bc5 18. Be3 Nxe3 19. fxe3 Bb6 20. b4 f5 21. bxa5 Nxa5 22. Kh1 f4 23. exf4 exf4 24. Ne4 Bxe4 25. dxe4 Qc6 26. e5 Qxc3 27. Bd3 Nb3 28. Rab1 Nc5 29. Bc2 Qe3 30. Re1 Rd2 31. Qg4 Qg3 32. Be4 Qxg4 33. hxg4 g5 34. Nf3 h5 35. Nxd2 hxg4+ 36. Kg1 Nb3+ 37. Kf1 Nxd2+ 38. Ke2 Nxe4 39. Kd3 Nc5+ 40. Kc4 f3 41. e6 fxg2 42. e7 Re8 43. Rbd1 Kc8 44. Kd5 Nd3 0-1

[Event "Copenhagen Obro CXU op"]
[Site "Copenhagen"]
[Date "2024.07.23"]
[Round "2"]
[White "Sengupta, Deep"]
[Black "Thogersen, Rasmus"]
[Result "1-0"]
[WhiteElo "2491"]
[BlackElo "2309"]
[PlyCount "53"]
[EventDate "2024.07.22"]
[EventType "swiss"]
[EventRounds "9"]
[EventCountry "DEN"]
[SourceTitle "CBM 221 Extra"]
[Source "ChessBase"]
[SourceDate "2024.09.30"]
[SourceVersion "1"]
[SourceVersionDate "2024.09.30"]
[SourceQuality "1"]

1. e4 c5 2. c3 e5 3. Nf3 Nc6 4. Bc4 Nf6 5. d3 Be7 6. 0-0 0-0 7. Re1 d6 8. a4 Be6 9. Bxe6 fxe6 10. a5 d5 11. a6 b5 12. Bg5 Qc7 13. Nbd2 Rab8 14. Bh4 Bd6 15. Bg3 c4 16. d4 Rbe8 17. exd5 exd5 18. dxe5 Nxe5 19. Nxe5 Bxe5 20. Rxe5 Rxe5 21. Nf3 Rfe8 22. Nxe5 Rxe5 23. Qd4 Qa5 24. Qd1 Qc7 25. Bxe5 Qxe5 26. Qe1 Qd6 27. Qe3 1-0

[Event "Warsaw Najdorf Memorial op-A"]
[Site "Warsaw"]
[Date "2024.07.17"]
[Round "9"]
[White "Jarmula, Lukasz"]
[Black "Sengupta, Deep"]
[Result "1/2-1/2"]
[WhiteElo "2432"]
[BlackElo "2491"]
[PlyCount "51"]
[EventDate "2024.07.09"]
[EventType "swiss"]
[EventRounds "9"]
[EventCountry "POL"]
[SourceTitle "EXT 2025"]
[Source "ChessBase"]
[SourceDate "2024.10.14"]
[SourceVersion "1"]
[SourceVersionDate "2024.10.14"]
[SourceQuality "1"]

1. e4 e5 2. Nf3 Nc6 3. Bc4 Nf6 4. d3 Bc5 5. Nc3 d6 6. Na4 Bb6 7. a3 h6 8. h3 Qe7 9. Bd2 Be6 10. Bxe6 Qxe6 11. Nxb6 axb6 12. c4 Nd7 13. Bc3 f5 14. exf5 Qxf5 15. 0-0 0-0 16. d4 e4 17. Nd2 Rae8 18. Qc2 d5 19. Rae1 dxc4 20. f3 Qd5 21. fxe4 Nxd4 22. exd5 Nxc2 23. Rxf8+ Rxf8 24. Re7 Rf7 25. Re8+ Rf8 26. Re7 1/2-1/2

[Event "Warsaw Maciei Memorial Blitz"]
[Site "Warsaw"]
[Date "2024.07.08"]
[Round "11"]
[White "Nasuta, Grzegorz"]
[Black "Sengupta, Deep"]
[Result "1-0"]
[WhiteElo "2551"]
[BlackElo "2491"]
[PlyCount "87"]
[EventDate "2024.07.08"]
[EventType "swiss (blitz)"]
[EventRounds "11"]
[EventCountry "POL"]
[SourceTitle "CBM 221 Extra"]
[Source "ChessBase"]
[SourceDate "2024.09.30"]
[SourceVersion "1"]
[SourceVersionDate "2024.09.30"]
[SourceQuality "1"]

1. e4 e6 2. d4 d5 3. e5 c5 4. c3 Nc6 5. Nf3 Bd7 6. Be2 f6 7. 0-0 fxe5 8. Nxe5 Nxe5 9. dxe5 Qc7 10. c4 Qxe5 11. Bf3 0-0-0 12. Re1 Qc7 13. cxd5 exd5 14. Qxd5 Nf6 15. Qc4 Bd6 16. g3 Rhe8 17. Be3 Be6 18. Qa4 Bd5 19. Bxd5 Nxd5 20. Nc3 Nxe3 21. Rxe3 Rxe3 22. fxe3 a6 23. Rd1 Be5 24. Nd5 Qd6 25. Qg4+ Kb8 26. Nc3 Qc7 27. Nd5 Qa5 28. b3 Qxa2 29. Qe6 Bf6 30. Rf1 Qxb3 31. e4 Bd4+ 32. Kg2 Ka7 33. Rf7 Qb2+ 34. Kh3 Qb5 35. Qe7 Rc8 36. Nf4 Qf1+ 37. Kg4 Qb5 38. Kh3 a5 39. Ne6 a4 40. Nd8 Rb8 41. Qc7 Ka8 42. Ne6 Be3 43. Qd6 a3 44. Nc7+ 1-0

[Event "Warsaw Maciei Memorial Blitz"]
[Site "Warsaw"]
[Date "2024.07.08"]
[Round "3"]
[White "Nesterenko, Kyrylo"]
[Black "Sengupta, Deep"]
[Result "0-1"]
[WhiteElo "2103"]
[BlackElo "2491"]
[PlyCount "87"]
[EventDate "2024.07.08"]
[EventType "swiss (blitz)"]
[EventRounds "11"]
[EventCountry "POL"]
[SourceTitle "CBM 221 Extra"]
[Source "ChessBase"]
[SourceDate "2024.09.30"]
[SourceVersion "1"]
[SourceVersionDate "2024.09.30"]
[SourceQuality "1"]

1. d4 e6 2. c4 Nf6 3. Nf3 c5 4. d5 exd5 5. cxd5 d6 6. Nc3 g6 7. h3 Bg7 8. e4 0-0 9. Bd3 Nbd7 10. 0-0 Re8 11. Bf4 c4 12. Bc2 Nc5 13. Nd2 b5 14. Nxb5 Nfxe4 15. Nxc4 Ba6 16. a4 g5 17. Be3 f5 18. Re1 Bxb5 19. axb5 Qf6 20. Bxc5 dxc5 21. Bxe4 fxe4 22. Qg4 Qd4 23. b3 Rf8 24. Ra2 Qxd5 25. Qxe4 Qxe4 26. Rxe4 Bd4 27. Kf1 Rab8 28. f3 Rxb5 29. Nd2 a5 30. Ke2 Rd8 31. Re6 Kf7 32. Ra6 Re8+ 33. Ne4 Rxb3 34. Ra7+ Kg6 35. Ra6+ Kg7 36. Ra7+ Kh8 37. R7xa5 h5 38. Ra7 g4 39. hxg4 hxg4 40. R2a6 gxf3+ 41. gxf3 c4 42. Rh6+ Kg8 43. Rg6+ Kf8 44. Rc7 0-1

[Event "Warsaw Maciei Memorial Blitz"]
[Site "Warsaw"]
[Date "2024.07.08"]
[Round "5"]
[White "Piorun, Kacper"]
[Black "Sengupta, Deep"]
[Result "1-0"]
[WhiteElo "2603"]
[BlackElo "2491"]
[PlyCount "50"]
[EventDate "2024.07.08"]
[EventType "swiss (blitz)"]
[EventRounds "11"]
[EventCountry "POL"]
[SourceTitle "CBM 221 Extra"]
[Source "ChessBase"]
[SourceDate "2024.09.30"]
[SourceVersion "1"]
[SourceVersionDate "2024.09.30"]
[SourceQuality "1"]

1. d4 d5 2. Bg5 h6 3. Bh4 c5 4. e3 Nc6 5. Nf3 cxd4 6. exd4 Bg4 7. Nbd2 Nf6 8. h3 Bh5 9. Bb5 Qb6 10. Qe2 a6 11. Bxc6+ bxc6 12. 0-0 e6 13. c4 Bb4 14. c5 Qb5 15. Qxb5 axb5 16. Nb3 Nd7 17. Bg3 0-0 18. a3 Ba5 19. a4 b4 20. Rfc1 Ra6 21. Ne1 Rfa8 22. Nc2 Bg6 23. Nxa5 Bxc2 24. Nxc6 Rxc6 25. Rxc2 Ra5 1-0

[Event "Warsaw Maciei Memorial Blitz"]
[Site "Warsaw"]
[Date "2024.07.08"]
[Round "4"]
[White "Sengupta, Deep"]
[Black "Sanz Wawer, Daniel"]
[Result "1-0"]
[WhiteElo "2491"]
[BlackElo "2387"]
[PlyCount "133"]
[EventDate "2024.07.08"]
[EventType "swiss (blitz)"]
[EventRounds "11"]
[EventCountry "POL"]
[SourceTitle "CBM 221 Extra"]
[Source "ChessBase"]
[SourceDate "2024.09.30"]
[SourceVersion "1"]
[SourceVersionDate "2024.09.30"]
[SourceQuality "1"]

1. d4 Nf6 2. Bf4 d6 3. e3 g6 4. Nf3 Bg7 5. h3 0-0 6. Be2 b6 7. 0-0 Bb7 8. a4 Nbd7 9. a5 bxa5 10. Nbd2 c5 11. Nc4 Rb8 12. Nxa5 Ba8 13. Nc4 cxd4 14. exd4 Qc7 15. b3 Ne4 16. Qe1 e5 17. Bh2 Rfe8 18. Bd3 f5 19. Qa5 Qxa5 20. Rxa5 f4 21. Rxa7 Ndf6 22. dxe5 dxe5 23. Ncxe5 g5 24. Nd7 Nxd7 25. Rxd7 h6 26. Ra1 Bc6 27. Bc4+ Kh8 28. Rxg7 Kxg7 29. h4 Ra8 30. Re1 Nd6 31. hxg5 Rxe1+ 32. Nxe1 hxg5 33. Bd3 Ra1 34. Kf1 Be4 35. Ke2 Bxd3+ 36. Nxd3 Ne4 37. Kf3 Nd2+ 38. Kg4 Nf1 39. Kh3 g4+ 40. Kxg4 Nxh2+ 41. Kxf4 Nf1 42. b4 Nd2 43. b5 Rb1 44. Ke3 Nc4+ 45. Kd4 Nd6 46. c4 Kf6 47. f3 Ke7 48. Nf4 Rd1+ 49. Nd3 Nf5+ 50. Kc3 Kd6 51. g4 Nh4 52. f4 Rg1 53. g5 Rg3 54. c5+ Kd5 55. b6 Kc6 56. Kc4 Nf5 57. Ne5+ Kb7 58. g6 Ne7 59. Kb5 Rb3+ 60. Kc4 Rg3 61. Kb5 Rb3+ 62. Kc4 Rg3 63. Kb5 Rg1 64. g7 Rxg7 65. c6+ Nxc6 66. Nxc6 Rf7 67. Nd8+ 1-0

[Event "Tashkent Sahibkiran Temur Cup"]
[Site "Tashkent"]
[Date "2024.06.04"]
[Round "9"]
[White "Sengupta, Deep"]
[Black "Faizulaev, Akmal"]
[Result "1-0"]
[WhiteElo "2494"]
[BlackElo "2331"]
[PlyCount "47"]
[EventDate "2024.05.29"]
[EventType "swiss"]
[EventRounds "9"]
[EventCountry "UZB"]
[SourceTitle "EXT 2025"]
[Source "ChessBase"]
[SourceDate "2024.10.14"]
[SourceVersion "1"]
[SourceVersionDate "2024.10.14"]
[SourceQuality "1"]

1. e4 e5 2. Nf3 Nc6 3. Bb5 a6 4. Ba4 Nge7 5. c3 g6 6. 0-0 Bg7 7. d4 exd4 8. cxd4 b5 9. Bb3 0-0 10. d5 Na5 11. Bd2 c5 12. d6 Nec6 13. Bd5 Nb7 14. Bg5 Qb6 15. e5 h6 16. Bh4 Re8 17. Nc3 Nxe5 18. Be7 Rf8 19. Nxe5 Bxe5 20. Qf3 Nxd6 21. Bxa8 Re8 22. Nd5 Qb8 23. Nf6+ Bxf6 24. Bxf6 1-0

[Event "Tashkent Sahibkiran Temur Cup"]
[Site "Tashkent"]
[Date "2024.06.03"]
[Round "8"]
[White "Daurimbetov, Azamat"]
[Black "Sengupta, Deep"]
[Result "1/2-1/2"]
[WhiteElo "2105"]
[BlackElo "2494"]
[PlyCount "138"]
[EventDate "2024.05.29"]
[EventType "swiss"]
[EventRounds "9"]
[EventCountry "UZB"]
[SourceTitle "EXT 2025"]
[Source "ChessBase"]
[SourceDate "2024.10.14"]
[SourceVersion "1"]
[SourceVersionDate "2024.10.14"]
[SourceQuality "1"]

1. c4 Nf6 2. Nf3 b6 3. g3 Bb7 4. Bg2 g6 5. d4 Bg7 6. Nc3 Ne4 7. Nxe4 Bxe4 8. 0-0 0-0 9. Bf4 c5 10. Qd2 cxd4 11. Nxd4 Bxg2 12. Kxg2 Qc8 13. Nb5 Qb7+ 14. Kg1 Nc6 15. Rfd1 Rfd8 16. Rac1 Rac8 17. Bh6 Bh8 18. Nc3 d6 19. Bg5 Re8 20. Nd5 Qd7 21. b3 Qh3 22. Qd3 Qg4 23. h4 Bb2 24. Rb1 Bg7 25. Kg2 h6 26. f3 Qd7 27. Be3 e6 28. Nc3 d5 29. Qd2 Kh7 30. h5 g5 31. cxd5 Nb4 32. Bd4 Nxd5 33. Bxg7 Kxg7 34. Qd4+ f6 35. Nxd5 exd5 36. Rb2 Re5 37. e4 Qe8 38. exd5 Re2+ 39. Rxe2 Qxe2+ 40. Kh3 Qxf3 41. Qg4 Qxg4+ 42. Kxg4 Kf7 43. d6 Ke6 44. Re1+ Kxd6 45. Kf5 Rc5+ 46. Kxf6 Rc3 47. g4 Kd5 48. Re5+ Kd4 49. Re6 Kd5 50. Re8 a5 51. Kg7 Rc6 52. Kh7 b5 53. Rg8 b4 54. Rg6 Rc2 55. Kxh6 Rxa2 56. Kg7 a4 57. Rxg5+ Kc6 58. Rg6+ Kc5 59. Rg5+ Kc6 60. bxa4 Rxa4 61. Rf5 b3 62. Rf1 Rxg4+ 63. Kf6 Rh4 64. Kg5 Rh3 65. h6 b2 66. Rb1 Rh2 67. Kg6 Rg2+ 68. Kf7 Rh2 69. Kg7 Rg2+ 1/2-1/2

[Event "Tashkent Sahibkiran Temur Cup"]
[Site "Tashkent"]
[Date "2024.06.02"]
[Round "7"]
[White "Sengupta, Deep"]
[Black "Zhakshylykov, Erzhan"]
[Result "1/2-1/2"]
[WhiteElo "2494"]
[BlackElo "2242"]
[PlyCount "143"]
[EventDate "2024.05.29"]
[EventType "swiss"]
[EventRounds "9"]
[EventCountry "UZB"]
[SourceTitle "CBM 220 Extra"]
[Source "ChessBase"]
[SourceDate "2024.07.31"]
[SourceVersion "1"]
[SourceVersionDate "2024.07.31"]
[SourceQuality "1"]

1. e4 e5 2. Nf3 Nc6 3. Bb5 a6 4. Ba4 Nf6 5. 0-0 Be7 6. Re1 b5 7. Bb3 d6 8. c3 0-0 9. h3 Nb8 10. d4 Nbd7 11. Nbd2 Bb7 12. Bc2 Re8 13. Nb3 c6 14. Be3 Bf8 15. Nbd2 g6 16. a4 Bg7 17. Qb1 exd4 18. cxd4 c5 19. d5 Qc7 20. Bf4 Nh5 21. Bh2 c4 22. Qa2 Qc5 23. Rab1 Rac8 24. b3 cxb3 25. Bxb3 h6 26. Bd1 Bc3 27. Re3 Nhf6 28. Nb3 Qc4 29. axb5 axb5 30. Qa7 Qc7 31. Nbd4 Nxe4 32. Nxb5 Qa5 33. Qxa5 Bxa5 34. Rxe4 Rxe4 35. Nxd6 Rb4 36. Rxb4 Bxb4 37. Nxc8 Bxc8 38. Ba4 Nc5 39. Bc6 Ne4 40. Ne5 Ba6 41. g4 Bc5 42. Kg2 Nxf2 43. d6 Nd3 44. d7 Bb6 45. Kf3 Nb4 46. Ba4 Bb7+ 47. Ke2 Nd5 48. Kd2 Kf8 49. Bg1 Ke7 50. Bxb6 Nxb6 51. Nxf7 Nxd7 52. Nxh6 Ne5 53. Ke3 Kf6 54. h4 Kg7 55. g5 Nf3 56. Kf4 Nxh4 57. Bc2 Bc8 58. Be4 Nf5 59. Ng4 Nd6 60. Ne5 Bf5 61. Bd5 Nc8 62. Nc4 Bd3 63. Nb2 Bf5 64. Ke5 Nb6 65. Bc6 Kf7 66. Bb5 Ke7 67. Nd1 Bd7 68. Bd3 Be8 69. Ne3 Nd7+ 70. Kf4 Nc5 71. Bc4 Bf7 72. Bxf7 1/2-1/2

[Event "Tashkent Sahibkiran Temur Cup"]
[Site "Tashkent"]
[Date "2024.06.01"]
[Round "6"]
[White "Abdisalimov, Abdimalik"]
[Black "Sengupta, Deep"]
[Result "1-0"]
[WhiteElo "2504"]
[BlackElo "2494"]
[PlyCount "83"]
[EventDate "2024.05.29"]
[EventType "swiss"]
[EventRounds "9"]
[EventCountry "UZB"]
[SourceTitle "CBM 220 Extra"]
[Source "ChessBase"]
[SourceDate "2024.07.31"]
[SourceVersion "1"]
[SourceVersionDate "2024.07.31"]
[SourceQuality "1"]

1. e4 e6 2. d4 d5 3. Nc3 Nf6 4. e5 Nfd7 5. f4 c5 6. Nf3 Nc6 7. Be3 cxd4 8. Nxd4 Qb6 9. a3 Nxd4 10. Bxd4 Bc5 11. Nb5 0-0 12. b4 Bxd4 13. Qxd4 a5 14. Rb1 axb4 15. axb4 f6 16. Qxb6 Nxb6 17. Bd3 fxe5 18. fxe5 Ra2 19. Kd2 Rf2+ 20. Ke3 Rxg2 21. Ra1 Rxa1 22. Rxa1 Bd7 23. Nd6 Rxh2 24. Ra7 Bc6 25. b5 d4+ 26. Kxd4 Rh4+ 27. Ke3 Bd5 28. c4 Bxc4 29. Rxb7 g5 30. Rxb6 Rh3+ 31. Kd4 Bxd3 32. Rb8+ Kg7 33. b6 Bf1 34. b7 Rd3+ 35. Kc5 Rb3 36. Rc8 g4 37. b8Q Rxb8 38. Rxb8 g3 39. Rb3 g2 40. Rg3+ Kf8 41. Ne4 h5 42. Ng5 1-0

[Event "Tashkent Sahibkiran Temur Cup"]
[Site "Tashkent"]
[Date "2024.05.29"]
[Round "1"]
[White "Sengupta, Deep"]
[Black "Liuviann, Cecilia Natalie"]
[Result "1-0"]
[WhiteElo "2494"]
[BlackElo "1920"]
[PlyCount "141"]
[EventDate "2024.05.29"]
[EventType "swiss"]
[EventRounds "9"]
[EventCountry "UZB"]
[SourceTitle "CBM 220 Extra"]
[Source "ChessBase"]
[SourceDate "2024.07.31"]
[SourceVersion "1"]
[SourceVersionDate "2024.07.31"]
[SourceQuality "1"]

1. d4 Nf6 2. Nf3 g6 3. Nc3 d5 4. Bf4 Bg7 5. Nb5 Na6 6. e3 c6 7. Nc3 Nc7 8. h3 b6 9. a4 a5 10. Be2 Bb7 11. 0-0 0-0 12. Bh2 Qc8 13. Re1 Rd8 14. Ra3 Ba6 15. Rb3 Bxe2 16. Qxe2 Na6 17. e4 dxe4 18. Nxe4 Nb4 19. Neg5 Ra7 20. Ne5 e6 21. c3 Nbd5 22. Qc4 Rc7 23. Nef3 Rb7 24. Ne5 Rc7 25. Ngf3 Bf8 26. Ng4 Rb7 27. Nfe5 Nxg4 28. Nxg4 b5 29. Qe2 h5 30. Ne5 bxa4 31. Rxb7 Qxb7 32. g4 a3 33. bxa3 Nxc3 34. Qf3 Nb5 35. Rb1 Qa7 36. gxh5 Nxd4 37. Qg4 f5 38. Qg2 Qg7 39. Nxg6 Ne2+ 40. Kh1 f4 41. Qe4 Nc3 42. Qxe6+ Qf7 43. Ne7+ Bxe7 44. Rg1+ Kf8 45. Qh6+ Ke8 46. Qxc6+ Rd7 47. Qc8+ Rd8 48. Qxc3 Qd5+ 49. f3 Qxh5 50. Qc6+ Kf8 51. Qe4 Bd6 52. h4 Re8 53. Qb7 Re7 54. Qc8+ Qe8 55. Qg4 Qf7 56. Rd1 Re6 57. Qg5 Qf6 58. Qxa5 Qxh4 59. Qa8+ Re8 60. Qd5 Re1+ 61. Rxe1 Qxe1+ 62. Bg1 Qh4+ 63. Kg2 Qg3+ 64. Kf1 Qh3+ 65. Ke2 Ke7 66. a4 Qc8 67. Qe4+ Kd8 68. Bb6+ Bc7 69. Qd5+ Ke7 70. Qc5+ Kd7 71. Qxc7+ 1-0